| 000 | 01113nam a2200265Ia 4500 | ||
|---|---|---|---|
| 003 | OSt | ||
| 005 | 20200716132432.0 | ||
| 008 | 191128s2013 ck fr 000 0dspa d | ||
| 020 | _a9789587109009 | ||
| 040 |
_aCO-JMCR _cCO-JMCR |
||
| 041 | 0 | _aspa | |
| 082 | 0 | 4 |
_a338.91 / _bG171n _223 |
| 100 | 1 |
_aGaray Vargas, Javier Leornardo, _eautor _97390 |
|
| 245 | 1 | 0 |
_aNaciones liberales ¿paises ricos? : _bdiscusiones y evidencia sobre el proceso de desarrollo / _cJavier Leonardo Garay Vargas |
| 250 | _aPrimera edición | ||
| 260 |
_aBogotá : _bUniversidad Externado de Colombia, _c2013 |
||
| 300 |
_a347 páginas ; _c24 cm. |
||
| 500 | _aIncluye datos biográficos del autor en solapa frontal. | ||
| 504 | _aBibliografía: páginas 343-347 | ||
| 505 | 0 | _aTeorías del desarrollo: una revisión desde la economía liberal clásica -- Datos de desarrollo: teoría y realidad -- Estudios de caso: instituciones, liberación y éxito económico | |
| 650 | 1 | 4 |
_aDesarrollo económico _xhistoria _97391 |
| 650 | 1 | 4 |
_aEconomía _xhistoria _97392 |
| 650 | 1 | 4 |
_aPolítica de crecimiento _97393 |
| 942 |
_2ddc _cBK |
||
| 999 |
_c5823 _d5823 |
||